000 00645cam a22002171 4500
001 4059377
003 GBCCL
005 20250206133229.0
008 790611s1965 miu 000 0 eng
040 _aDLC
_cDLC
_dDLC
082 0 0 _a220.081
_bCRI 1
100 1 _aCriswell, W. A.
_q(Wallie A.),
_d1909-
245 1 4 _aThe Bible for today's world,
_cby W. A. Criswell.
260 _aGrand Rapids,
_bZondervan Pub. House
_c[1965]
300 _a128 p.
_c21 cm.
630 0 0 _aBible
_xSermons.
650 0 _aBaptists
_xSermons.
650 0 _aSermons, American
_y20th century.
906 _a7
_bcbc
_corignew
_du
_eocip
_f19
_gy-gencatlg
942 _2ddc
_cBK
_n0
999 _c10628
_d10628